| 000 | 00362nam a22001577a 4500 | ||
|---|---|---|---|
| 003 | OSt | ||
| 005 | 20220104141700.0 | ||
| 008 | 220104b |||||||| |||| 00| 0 eng d | ||
| 020 | _a1555444164 | ||
| 040 | _cHU | ||
| 082 |
_a005.30 _b1 |
||
| 100 |
_aWhittle, Holly _927097 |
||
| 245 | _aSAS Guide to Tabulate Processing | ||
| 250 | _a2nd | ||
| 942 |
_2ddc _cBOOKS _n0 |
||
| 999 |
_c25996 _d25996 |
||